000 00389nam a2200157Ia 4500
008 230524s9999 xx 000 0 und d
082 _a660.602
_bPUR
100 _aDinesh Puri
_923684
245 0 _aTextbook of Medical Biochemistry
250 _a2ND
260 _aNEW DELHI
_bElsevier
_c2006
300 _aXVI;881
500 _aQuantity Number: 1
650 _aBiomedical
942 _cBK
999 _c35232
_d35232